Harry Potter: la Salle Commune de Serdaigle - Statistiques

Statistiques générales
  • Ce quiz a été pris 82 fois
  • Le résultat moyen est 7 sur 13
Statistiques - réponses
Information Réponses % Correct
Première apparition Harry Potter et les Reliques de la Mort
94%
Dernière mention Harry Potter et les Reliques de la Mort
94%
Moyen d'entrer Répondre à une énigme
81%
Personne qui a répondu Luna Lovegood
79%
"Personne" qui fait rentrer Heurtoir en forme d'aigle
56%
Question posée en 1997-1998 Qui est apparu en premier, le phénix ou la flamme ?
45%
Emplacement dans Poudlard Tour de l'aile ouest
45%
Description Fauteuils confortables, tables, bibliothèque, statue de Rowena Serdaigle
42%
Personne qui a répondu Minerva McGonagall
40%
Si quelqu'un répond mal La personne doit attendre un autre élève qui répondra çà la question
39%
Réponse Le cercle n'a pas de commencement
32%
Réponse Dans le non-être, c'est-à-dire dans le tout
26%
Question posée en 1997-1998 Où vont les objets disparus ?
19%
Aucun quiz correspondant
Distribution des résultats
% des personnes avec chaque résultat
Percentile par nombre de réponses
Votre historique - résultats
Vous n’avez pas pris ce quiz